Riconosci il Pokémon - Quiz n°66 - Statistics

Statistiche generali
  • Questo quiz è stato fatto 4 volte
  • Il punteggio medio è 10 su 10
Statistiche sulle risposte
Indizio Risposta % Corretto
Altezza 0,6 m
100%
Peso 1,0 kg
100%
Tasso di cattura 120 (24.9%)
100%
Sesso 50% ♂, 50% ♀
100%
Abilità Clorofilla; Fogliamanto; Intrapasso
100%
Tipo Erba / Volante
100%
Tasso di allevamento Medio-Lento
100%
Stadio evoluzione Prima evoluzione
100%
Generazione Seconda
100%
Pokémon Skiploom
100%
Nessun quiz corrispondente trovato
Distribuzione punteggi
Percentuale di utenti per punteggio
Percentile per numero di risposta
I tuoi punteggi nel tempo
Non hai fatto questo quiz